1060 1031 1596 1650 1043 1456 1871 1776 1522 1933 1328 1583 1972 1181 1693 1024 1127 1771 1069 1395 1183 1590 1645 1059 1192 1714 1723 1213 1646 1613 1964 1091 1694 1815 1283 1877 1060 1520 1832 1872 1571 1544 1884 1990 1152 1868 1239 1208 1822 1698 1231 1571 1040 1998 1671 1896 1455 1537 1198 1868 1128 1468 1694 1302 1699 1620 1573 1222 1283 1485 1088 1195 1822 1883 1258 1372 1485 1755 1516 1695 1056 1145 1505 1243 1587 1742 1110 1220 1670 1953 1853 1315 1164 1517 1127 1895 1526 1815 1407 BCNSPRNW ULIB Ver.6.0+V

เปลี่ยนเป็นภาษาไทย

Change to English
 แสดงรายละเอียดบรรณานุกรม
  กลับหน้าหลัก

Brief Record : Get Marc (ISO 2709) : E-mail record : QR code < ปิดหน้าต่าง
LEADER : 00000nam 2200000uu 4500
001    13399123556
003     ULIB
008    141008s2556 th a 000 0 tha d
020    9786163353061
060  4 WC505^bป418ร
100    ประเสริฐ ทองเจริญ
245    ระบาดบันลือโลก 21 : โคโรน่าไวรัส /^cประเสริฐ ทองเจริญ
250    พิมพ์ครั้งที่ 1
260    กรุงเทพฯ :^bอักษรสมัย(๑๙๙๙),^c2556
300    174หน้า;^b18.5 ซม.
650    โคโรน่าไวรัส
650    โรคซาร์ส
945    ^p160^l0^i21136
945    ^p160^l0^i21137
945    ^p160^l0^i21138
945    ^p160^l0^i21139
945    ^p160^l0^i21140
999    ^aทศพร เกษรทอง
รายการนี้ยังไม่มีแท็ก
คุณยังไม่ได้ล็อกอิน คุณสามารถมีกิจกรรมร่วมกับเว็บไซต์ได้ แต่ต้องล็อกอินก่อน ::
  ล็อกอิน

รายการสื่อสารสนเทศ

ลำดับที่ ประเภท เลขเรียก/บาร์โค้ด สถานที่ สถานะ
1. วิทยาศาสตร์การแพทย์ และสุขภาพ
วิทยาศาสตร์การแพทย์ และสุขภาพ
สถานะ=หนังสือเก่า
WC505 ป418ร ฉ.1 
  Barcode: 21136
ห้องสมุดวิทยาเขตนครสวรรค์
►ส่วนจัดเก็บหนังสือเก่า นว.
บนชั้น
  ขอยืม
2. วิทยาศาสตร์การแพทย์ และสุขภาพ
วิทยาศาสตร์การแพทย์ และสุขภาพ
สถานะ=หนังสือเก่า
WC505 ป418ร ฉ.2 
  Barcode: 21137
ห้องสมุดวิทยาเขตนครสวรรค์
►ส่วนจัดเก็บหนังสือเก่า นว.
บนชั้น
  ขอยืม
3. วิทยาศาสตร์การแพทย์ และสุขภาพ
วิทยาศาสตร์การแพทย์ และสุขภาพ
สถานะ=หนังสือเก่า
WC505 ป418ร ฉ.3 
  Barcode: 21138
ห้องสมุดวิทยาเขตนครสวรรค์
►ส่วนจัดเก็บหนังสือเก่า นว.
บนชั้น
  ขอยืม
4. วิทยาศาสตร์การแพทย์ และสุขภาพ
วิทยาศาสตร์การแพทย์ และสุขภาพ
สถานะ=หนังสือเก่า
WC505 ป418ร ฉ.4 
  Barcode: 21139
ห้องสมุดวิทยาเขตนครสวรรค์
►ส่วนจัดเก็บหนังสือเก่า นว.
บนชั้น
  ขอยืม
5. วิทยาศาสตร์การแพทย์ และสุขภาพ
วิทยาศาสตร์การแพทย์ และสุขภาพ
สถานะ=หนังสือเก่า
WC505 ป418ร ฉ.5 
  Barcode: 21140
ห้องสมุดวิทยาเขตนครสวรรค์
►ส่วนจัดเก็บหนังสือเก่า นว.
บนชั้น
  ขอยืม

รายการใกล้เคียง
    ผู้แต่ง [ประเสริฐ ทองเจริญ]

    หัวเรื่อง [โคโรน่าไวรัส]
    หัวเรื่อง [โรคซาร์ส]

BibComment


ยังไม่เคยถูกคอมเมนท์

คอมเมนท์ทรัพยากรรายการนี้
  คอมเมนท์: ระบาดบันลือโลก 21..


 Copyright 2026. Bcnsprnw @Library